[Event "1st Heraklion Tal 2019"]
[Site "Heraklion"]
[Date "2019.05.06"]
[Round "8.3"]
[White "Milonakis, Georgios"]
[Black "Antova, Gabriela"]
[Result "0-1"]
[WhiteElo "2285"]
[BlackElo "2246"]
[Annotator "ChessBase"]
[PlyCount "94"]
[EventDate "2019.04.29"]
[EventType "tourn"]
[EventCountry "GRE"]
[SourceTitle "playchess.com"]
[Source "ChessBase"]
[SourceQuality "1"]
[TimeControl "40/5400+30:1800+30"]

1. e4 {[%emt 0:00:00]} c5 {[%emt 0:00:06]} 2. Nf3 {[%emt 0:00:03]} d6 {[%emt 0:00:05]} 3. Bc4 {[%emt 0:00:59]} e6 {[%emt 0:05:01]} 4. O-O {[%emt 0:00:57]} Nf6 {[%emt 0:01:31]} 5. d3 {[%emt 0:01:39]} Nc6 {[%emt 0:02:33]} 6. c3 {[%emt 0:01:27]} Be7 {[%emt 0:00:32]} 7. Bb3 {[%emt 0:01:05]} O-O {[%emt 0:01:53]} 8. Re1 {[%emt 0:00:20]} a6 {[%emt 0:10:56]} 9. Nbd2 {[%emt 0:02:45]} b5 {[%emt 0:01:14]} 10. Nf1 {[%emt 0:02:14]} Bb7 {[%emt 0:03:20]} 11. Ng3 {[%emt 0:06:40]} Rc8 {[%emt 0:02:24]} 12. Bc2 {[%emt 0:01:14]} Ne5 {[%emt 0:10:04]} 13. h3 {[%emt 0:09:40]} Qc7 {[%emt 0:07:32]} 14. Nh2 {[%emt 0:12:06]} Ng6 {[%emt 0:03:41]} 15. Bg5 {[%emt 0:11:05]} d5 {[%emt 0:02:31]} 16. Bxf6 {[%emt 0:14:42]} Bxf6 {[%emt 0:00:08]} 17. Ng4 {[%emt 0:00:33]} Bh4 {[%emt 0:01:10]} 18. e5 {[%emt 0:03:19]} Bxg3 {[%emt 0:08:37]} 19. fxg3 {[%emt 0:00:07]} d4 {[%emt 0:00:04]} 20. Qe2 {[%emt 0:03:45]} Rfd8 {[%emt 0:02:02]} 21. h4 {[%emt 0:06:21]} Ne7 {[%emt 0:06:03]} 22. h5 {[%emt 0:00:24]} h6 {[%emt 0:00:27]} 23. Rf1 {[%emt 0:01:30]} Nf5 {[%emt 0:01:06]} 24. Kh2 {[%emt 0:01:04]} Qe7 {[%emt 0:02:02]} 25. Qd2 {[%emt 0:04:59]} dxc3 {[%emt 0:05:21]} 26. bxc3 {[%emt 0:00:08]} b4 {[%emt 0:00:07]} 27. c4 {[%emt 0:05:22]} Rd4 {[%emt 0:00:23]} 28. Nf2 {[%emt 0:01:16]} Nxg3 {[%emt 0:00:24]} 29. Qe3 {[%emt 0:00:52]} Qh4+ {[%emt 0:01:41]} 30. Nh3 {[%emt 0:00:07]} Nxf1+ {[%emt 0:00:24]} 31. Rxf1 {[%emt 0:00:04]} Qxh5 {[%emt 0:01:44]} 32. Rf2 {[%emt 0:01:08]} Rcd8 {[%emt 0:01:53]} 33. Kg1 {[%emt 0:00:06]} a5 {[%emt 0:01:59]} 34. Nf4 {[%emt 0:00:21]} Qg5 {[%emt 0:00:01]} 35. g3 {[%emt 0:00:06]} a4 {[%emt 0:03:02]} 36. Rh2 {[%emt 0:00:12]} b3 {[%emt 0:03:11]} 37. axb3 {[%emt 0:00:05]} axb3 {[%emt 0:00:07]} 38. Bb1 {[%emt 0:00:32]} Ra8 {[%emt 0:06:44]} 39. Rb2 {[%emt 0:01:00]} Ra3 {[%emt 0:02:49]} 40. Kf2 {[%emt 0:00:00]} Qg4 {[%emt 0:00:00]} 41. Ne2 {[%emt 0:00:39]} Qh3 {[%emt 0:02:03]} 42. Ke1 {[%emt 0:01:04]} Qh1+ {[%emt 0:03:54]} 43. Kd2 {[%emt 0:01:08]} Bf3 {[%emt 0:09:47]} 44. Nxd4 {[%emt 0:01:37]} Qd1+ {[%emt 0:04:00]} 45. Kc3 {[%emt 0:01:23]} cxd4+ {[%emt 0:00:35]} 46. Kxd4 {[%emt 0:00:41]} Ra1 {[%emt 0:00:22]} 47. Rf2 {[%emt 0:10:05]} Bh5 {[%emt 0:01:35]} 0-1

[Event "1st Heraklion Tal 2019"]
[Site "Heraklion"]
[Date "2019.05.06"]
[Round "8.4"]
[White "Dudin, Gleb"]
[Black "Stoyanov, Tsvetan"]
[Result "1/2-1/2"]
[WhiteElo "2332"]
[BlackElo "2416"]
[Annotator "TA"]
[PlyCount "130"]
[EventDate "2019.04.29"]
[EventType "tourn"]
[EventCountry "GRE"]
[SourceTitle "playchess.com"]
[Source "ChessBase"]
[SourceQuality "1"]

{[%evp 26,130,39,0,0,4,20,15,19,10,4,0,0,0,0,0,0,0,4,0,13,9,25,0,0,-26,0,0,0,0,0,-9,-14,-14,-9,-129,-139,-108,-135,-107,-75,-75,-75,-75,-75,-75,-75,-75,-75,-75,-45,-75,-45,-75,-45,-65,-65,-75,-75,-75,-75,-75,-75,-75,-75,-75,-75,-75,-75,-75,-75,-75,-60,-60,-60,-60,-60,-60,-60,-60,-60,-60,0,0,0,0,0,0,0,0,0,0,0,0,0,0,0,0,0,0,0,0,0,0,0,0,0]} 1. d4 Nf6 2. c4 e6 3. Nc3 d5 4. cxd5 Nxd5 5. e4 Nxc3 6. bxc3 c5 7. Nf3 cxd4 8. cxd4 Bb4+ 9. Bd2 Bxd2+ 10. Qxd2 O-O 11. Bc4 Nd7 12. O-O b6 13. Rfe1 Bb7 14. Rad1 Rc8 {D41: Queen's Gambit Declined: Semi-Tarrasch with 5 cxd5} 15. Bb3 h6 (15... Re8 16. h3 Nf6 17. Qf4 Nh5 18. Qh2 h6 19. h4 a5 20. g4 Nf6 21. Qf4 b5 22. Ne5 {½-½ (50) Adhiban,B (2683)-Ding,L (2812) Astana 2019}) 16. Re3 {[#]} Qf6 $146 ({Predecessor:} 16... b5 17. Qe2 Qb6 18. e5 Rfd8 19. Ne1 Bd5 20. Bxd5 exd5 21. e6 fxe6 22. Rxe6 {0-1 (59) Gagare,S (2417)-Sengupta,D (2567) Kolkata 2015}) 17. Qe2 Rfd8 18. e5 Qe7 19. Nd2 Nf8 20. Ne4 Bxe4 21. Rxe4 Rc3 22. Qd2 Rdc8 23. Re3 Qb4 {Hoping for ...Rxb3!} 24. Rxc3 (24. g3 {is more complex.} a5 25. Kg2 b5 26. d5 g5 27. Rxc3 Qxc3 28. dxe6 Nxe6 29. Qd7) 24... Qxc3 25. h3 Qxd2 26. Rxd2 $11 {[%mdl 4096] Endgame KRB-KRN} Ng6 27. g3 Ne7 28. d5 Nxd5 29. Bxd5 {KRB-KR} Rd8 {[%mdl 64] [#] Pin} 30. Rc2 (30. f4 $11 {keeps the balance.}) 30... Rxd5 $17 {KR-KR} ({Much worse is} 30... exd5 $6 31. f4 $15) 31. Rc8+ Kh7 32. Rc7 Kg6 {Threatens to win with ...a5.} 33. Rxa7 Rxe5 34. Ra6 Ra5 35. Rxb6 Rxa2 36. Kg2 Kf6 37. h4 Rc2 38. Rb7 Rc6 39. Kf3 e5 40. Ke3 g6 41. Rb3 Kf5 42. Kf3 h5 43. Rb7 f6 44. Rf7 Rc3+ 45. Ke2 Ra3 46. Rf8 Ra7 47. Ke3 Rb7 48. Ke2 e4 49. Ke3 Rb6 50. Re8 Ra6 51. Re7 Ra3+ 52. Ke2 $1 Rf3 53. Kf1 g5 ({Better is} 53... Rc3 $15) 54. hxg5 $11 {The position is equal.} fxg5 55. Kg2 Rb3 56. Re8 Rb2 57. Rf8+ Kg4 {aiming for ...e3.} 58. Re8 Rb4 59. Rf8 h4 60. gxh4 Kxh4 61. Re8 Kg4 {[#]} 62. Rxe4+ $1 {[%mdl 576] Remove Defender, Decoy} Rxe4 63. f3+ {[%mdl 64] Double Attack} Kf4 {( -> ...Re2+)} 64. fxe4 Kxe4 65. Kg3 Ke5 {Accuracy: White = 76%, Black = 58%.} (65... Kf5 $5) 1/2-1/2

[Event "1st Heraklion Tal 2019"]
[Site "Heraklion"]
[Date "2019.05.06"]
[Round "8.5"]
[White "Kozhuharov, Spas"]
[Black "Navaratnam, Rohan Shan Tze"]
[Result "*"]
[WhiteElo "2434"]
[BlackElo "2068"]
[Annotator "TA"]
[PlyCount "37"]
[EventDate "2019.04.29"]
[EventType "tourn"]
[EventCountry "GRE"]
[SourceTitle "playchess.com"]
[Source "ChessBase"]
[SourceQuality "1"]

{[%evp 13,17,-5,11,6,0,-1]} 1. c4 c6 2. e4 d5 3. exd5 cxd5 4. cxd5 Nf6 5. Qa4+ Nbd7 6. Nc3 g6 7. Nf3 Bg7 8. Bc4 {B10: Caro-Kann: 2 d3 and 2 c4} O-O 9. d3 {Predecessor:} a6 $146 10. Qa3 b6 11. O-O Bb7 12. Re1 Re8 13. Be3 Rc8 14. Qb4 Nc5 15. Rac1 a5 16. Qa3 Nxd5 17. Nxd5 Bxd5 18. Bxd5 Qxd5 19. Bxc5 {½-½ (19) Rakhmanov,A (2635)-Dreev,A (2653) Havana 2018} *

[Event "1st Heraklion Tal 2019"]
[Site "Heraklion"]
[Date "2019.05.06"]
[Round "8.5"]
[White "Kozhuharov, Spas"]
[Black "Navaratnam, Rohan Shan Tze"]
[Result "1-0"]
[WhiteElo "2434"]
[BlackElo "2068"]
[Annotator "TA"]
[PlyCount "42"]
[EventDate "2019.04.29"]
[EventType "tourn"]
[EventCountry "GRE"]
[SourceTitle "playchess.com"]
[Source "ChessBase"]
[SourceQuality "1"]

{[%evp 13,42,-10,-16,-17,0,-21,-16,-28,-21,-29,-21,-27,-29,-21,-29,-29,21,2,2,7,2,2,2,2,4,-34,197,187,424,375,485]} 1. c4 c6 2. e4 d5 3. exd5 cxd5 4. cxd5 Nf6 5. Qa4+ Nbd7 6. Nc3 g6 7. Nf3 Bg7 8. Bc4 {B10: Caro-Kann: 2 d3 and 2 c4} O-O 9. d3 a6 {[#] ...b5 is the strong threat.} 10. Qa3 {The position is equal.} b6 {[%cal Bb7b6,Bb6b5][%mdl 32]} 11. O-O Bb7 12. Re1 Re8 13. Bg5 (13. Be3 Rc8 14. Qb4 Nc5 15. Rac1 a5 16. Qa3 Nxd5 17. Nxd5 Bxd5 18. Bxd5 Qxd5 19. Bxc5 {½-½ (19) Rakhmanov,A (2635)-Dreev,A (2653) Havana 2018}) 13... b5 14. Bb3 Qb6 $146 ({Predecessor:} 14... Rc8 15. d4 Qb6 {0-1 (50) Cooper,L (2347)-Thavandiran,S (2399) chess.com INT 2018}) 15. Qb4 Nc5 16. Be3 $36 {[%mdl 2048] White fights for an advantage.} Nxd3 {[#] White must now prevent ...Qxe3.} 17. Bxb6 Nxb4 18. Rad1 {Hoping for Ba5.} a5 $1 19. d6 {Threatens to win with Ng5.} e6 $2 (19... Bxf3 $15 {keeps the upper hand.} 20. gxf3 exd6 21. Rxe8+ Nxe8) 20. d7 $18 (20. Nxb5 $6 a4 $14) 20... a4 $2 (20... Nxd7 {keeps fighting.} 21. Rxd7 Bxf3) 21. dxe8=Q+ ({Don't do} 21. dxe8=B axb3 22. a3 (22. axb3 Nxe8 23. Nd4 Nd5 $16) (22. Nxb5 bxa2 23. Bxf7+ Kxf7 $14) 22... Nbd5 $18) 21... Rxe8 {Accuracy: White = 68%, Black = 51%.} 1-0

[Event "1st Heraklion Tal 2019"]
[Site "Heraklion"]
[Date "2019.05.07"]
[Round "9.1"]
[White "Navaratnam, Rohan Shan Tze"]
[Black "Dimitrov, Atanas"]
[Result "1/2-1/2"]
[WhiteElo "2068"]
[BlackElo "2282"]
[Annotator "NA"]
[PlyCount "35"]
[EventDate "2019.04.29"]
[EventType "tourn"]
[EventCountry "GRE"]
[SourceTitle "playchess.com"]
[Source "ChessBase"]
[SourceQuality "1"]
[TimeControl "40/5400+30:1800+30"]

1. d4 {[%emt 0:00:00]} Nf6 {[%emt 0:00:49]} 2. Nf3 {[%emt 0:00:00]} c5 {[%emt 0:00:31]} 3. c3 {[%emt 0:00:00]} d5 {[%emt 0:02:56]} 4. dxc5 {[%emt 0:01:12]} a5 {[%emt 0:02:12]} 5. Bf4 {[%emt 0:03:21]} Na6 {[%emt 0:00:18]} 6. e3 {[%emt 0:03:22]} Nxc5 {[%emt 0:00:14]} 7. c4 {[%emt 0:03:19]} g6 {[%emt 0:08:39]} (7... e6 $14) 8. Nc3 {[%emt 0:08:22]} Bg7 {[%emt 0:00:12]} 9. cxd5 {[%emt 0:00:25]} O-O $16 {[%emt 0:00:12]} 10. Be2 {[%emt 0:11:25]} Qb6 {[%emt 0:11:56]} 11. O-O {[%emt 0:10:51]} Rd8 {[%emt 0:02:09]} 12. Be5 {[%emt 0:03:15]} Bf5 {[%emt 0:36:20]} 13. Qd4 {[%emt 0:09:05]} Qb4 {[%emt 0:00:42]} 14. Rfd1 {[%emt 0:05:40]} Nce4 {[%emt 0:03:24]} 15. a3 {[%emt 0:09:34]} Nxc3 {[%emt 0:02:58]} 16. Qxc3 {[%emt 0:00:49]} Qxc3 {[%emt 0:01:00]} 17. Bxc3 {[%emt 0:00:11]} Rxd5 {[%emt 0:12:04]} 18. Rxd5 {[%emt 0:07:15]} 1/2-1/2

[Event "1st Heraklion Tal 2019"]
[Site "Heraklion"]
[Date "2019.05.07"]
[Round "9.2"]
[White "Stoyanov, Tsvetan"]
[Black "Kozhuharov, Spas"]
[Result "1/2-1/2"]
[WhiteElo "2416"]
[BlackElo "2434"]
[Annotator "TA"]
[PlyCount "27"]
[EventDate "2019.04.29"]
[EventType "tourn"]
[EventCountry "GRE"]
[SourceTitle "playchess.com"]
[Source "ChessBase"]
[SourceQuality "1"]

{[%evp 12,27,11,10,10,7,18,19,20,-2,22,-4,3,0,13,18,16,13]} 1. e4 e5 2. Nf3 Nc6 3. Nc3 Nf6 4. Bb5 Bb4 5. O-O O-O 6. Bxc6 dxc6 7. Nxe5 {The position is equal.} Bxc3 {C49: Four Knights: 4 Bb5 Bb4} 8. dxc3 Qxd1 (8... Nxe4) 9. Rxd1 Nxe4 10. Be3 $146 ({Predecessor:} 10. Nd3 Bf5 11. Bf4 Rac8 12. f3 Nd6 13. b3 Nb5 14. c4 Nd4 15. Rd2 {½-½ (27) Jovanovic,Z (2511)-Brkic,A (2560) Bjelovar 2019}) 10... Be6 11. Kf1 Rfe8 12. Nd3 b6 13. f3 Nd6 14. Bf4 1/2-1/2

[Event "1st Heraklion Tal 2019"]
[Site "Heraklion"]
[Date "2019.05.07"]
[Round "9.3"]
[White "Antova, Gabriela"]
[Black "Dudin, Gleb"]
[Result "1/2-1/2"]
[WhiteElo "2246"]
[BlackElo "2332"]
[Annotator "NA"]
[PlyCount "83"]
[EventDate "2019.04.29"]
[EventType "tourn"]
[EventCountry "GRE"]
[SourceTitle "playchess.com"]
[Source "ChessBase"]
[SourceQuality "1"]
[TimeControl "40/5400+30:1800+30"]

1. d4 {[%emt 0:00:00]} g6 {[%emt 0:05:49]} 2. c4 {[%emt 0:00:00]} Bg7 {[%emt 0:00:04]} 3. e4 {[%emt 0:00:21]} d6 {[%emt 0:00:07]} 4. Nc3 {[%emt 0:00:18]} e5 {[%emt 0:01:29]} 5. Nf3 {[%emt 0:00:30]} Nc6 {[%emt 0:01:06]} 6. d5 {[%emt 0:00:16]} Nce7 {[%emt 0:00:42]} 7. Be2 {[%emt 0:00:10]} f5 {[%emt 0:04:49]} 8. exf5 {[%emt 0:00:17]} gxf5 {[%emt 0:04:24] [#]} 9. Ng5 $1 {[%emt 0:00:25]} Ng6 {[%emt 0:05:22]} 10. Bh5 {[%emt 0:04:49]} N8e7 $14 {[%emt 0:02:34]} 11. f4 {[%emt 0:06:35]} O-O {[%emt 0:13:07]} 12. O-O {[%emt 0:13:41]} Nxf4 {[%emt 0:19:39]} 13. Bxf4 {[%emt 0:03:51]} exf4 {[%emt 0:02:58]} 14. Ne6 {[%emt 0:09:38]} Bxe6 {[%emt 0:01:27]} 15. dxe6 {[%emt 0:00:02]} Bxc3 {[%emt 0:23:59]} 16. Bf7+ {[%emt 0:04:05]} Kg7 {[%emt 0:00:01]} 17. bxc3 {[%emt 0:00:18]} Ng6 {[%emt 0:00:01]} 18. Qd5 {[%emt 0:07:54]} Qg5 {[%emt 0:02:04]} 19. Bxg6 {[%emt 0:10:09]} hxg6 {[%emt 0:00:30]} 20. Qxb7 {[%emt 0:00:10]} Qe7 {[%emt 0:01:38]} 21. Rfe1 {[%emt 0:04:31]} Rae8 {[%emt 0:06:33]} 22. Qxa7 {[%emt 0:05:09]} Rf6 {[%emt 0:00:01]} 23. Qd4 {[%emt 0:05:13]} Kh7 {[%emt 0:00:01]} 24. Qxf4 {[%emt 0:01:20]} Rxe6 {[%emt 0:00:02]} 25. Rxe6 {[%emt 0:01:16]} Qxe6 {[%emt 0:00:01]} 26. c5 {[%emt 0:00:35]} Qd5 {[%emt 0:03:40]} 27. cxd6 {[%emt 0:06:39]} cxd6 {[%emt 0:00:31]} 28. Qd4 {[%emt 0:00:21]} Qb7 {[%emt 0:00:45]} 29. Rd1 {[%emt 0:04:10]} Re2 {[%emt 0:00:18]} 30. Qh4+ {[%emt 0:04:59]} Kg7 {[%emt 0:00:01]} 31. Qd4+ {[%emt 0:00:06]} Kh7 {[%emt 0:00:01]} 32. Qh4+ {[%emt 0:02:45]} Kg7 {[%emt 0:00:01]} 33. Qg3 {[%emt 0:00:36]} Qe4 {[%emt 0:02:01]} 34. h4 {[%emt 0:01:45]} f4 {[%emt 0:00:17]} 35. Qg4 {[%emt 0:02:59]} Qe3+ {[%emt 0:00:30]} 36. Kh1 {[%emt 0:00:22]} Rxa2 {[%emt 0:00:47]} 37. h5 {[%emt 0:00:15]} Qg3 {[%emt 0:00:04]} 38. Qxg6+ {[%emt 0:00:26]} Qxg6 {[%emt 0:00:05]} 39. hxg6 {[%emt 0:00:03]} Rc2 {[%emt 0:01:26]} 40. Rxd6 {[%emt 0:00:00]} Rxc3 {[%emt 0:00:00]} 41. Kg1 {[%emt 0:08:05]} f3 {[%emt 0:00:37]} 42. gxf3 {[%emt 0:00:35]} 1/2-1/2

[Event "1st Heraklion Tal 2019"]
[Site "Heraklion"]
[Date "2019.05.07"]
[Round "9.4"]
[White "De Seroux, Camille"]
[Black "Milonakis, Georgios"]
[Result "0-1"]
[WhiteElo "2151"]
[BlackElo "2285"]
[Annotator "NA"]
[PlyCount "28"]
[EventDate "2019.04.29"]
[EventType "tourn"]
[EventCountry "GRE"]
[SourceTitle "playchess.com"]
[Source "ChessBase"]
[SourceQuality "1"]
[TimeControl "40/5400+30:1800+30"]

1. e4 {[%emt 0:00:00]} e5 {[%emt 0:00:00]} 2. Nc3 {[%emt 0:00:11]} Nf6 {[%emt 0:00:10]} 3. f4 {[%emt 0:00:08]} d5 {[%emt 0:00:45]} 4. fxe5 {[%emt 0:00:14]} Nxe4 {[%emt 0:00:10]} 5. Qf3 {[%emt 0:00:05]} Nxc3 {[%emt 0:06:03]} 6. dxc3 {[%emt 0:00:06]} Be6 {[%emt 0:16:41]} 7. Bf4 {[%emt 0:00:14]} c6 {[%emt 0:00:17]} 8. O-O-O {[%emt 0:16:16]} Nd7 $11 {[%emt 0:01:37]} 9. Qg3 {[%emt 0:07:37]} Qa5 {[%emt 0:06:32]} 10. a3 {[%emt 0:03:56]} O-O-O {[%emt 0:03:44]} 11. Nf3 {[%emt 0:02:52]} Bxa3 {[%emt 0:15:51]} 12. bxa3 {[%emt 0:18:15]} Nc5 {[%emt 0:01:27]} 13. Bd3 {[%emt 0:27:26]} Qxc3 {[%emt 0:04:42]} 14. Ng5 {[%emt 0:02:30]} Nb3+ {[%emt 0:00:45]} 0-1

[Event "1st Heraklion Tal 2019"]
[Site "Heraklion"]
[Date "2019.05.07"]
[Round "9.5"]
[White "Megalios, Konstantinos"]
[Black "Marinakis, Hristos"]
[Result "1-0"]
[WhiteElo "2411"]
[BlackElo "2085"]
[Annotator "NA"]
[PlyCount "74"]
[EventDate "2019.04.29"]
[EventType "tourn"]
[EventCountry "GRE"]
[SourceTitle "playchess.com"]
[Source "ChessBase"]
[SourceQuality "1"]
[TimeControl "40/5400+30:1800+30"]

1. d4 {[%emt 0:00:00]} Nf6 {[%emt 0:00:00]} 2. Nf3 {[%emt 0:00:00]} e6 {[%emt 0:00:00]} 3. Bf4 {[%emt 0:00:25]} c5 {[%emt 0:01:09]} 4. e3 {[%emt 0:00:12]} cxd4 {[%emt 0:04:41]} 5. exd4 {[%emt 0:00:19]} Be7 {[%emt 0:00:08]} 6. Nbd2 {[%emt 0:01:47]} O-O {[%emt 0:00:37]} 7. Bd3 {[%emt 0:00:37]} b6 {[%emt 0:03:36]} 8. O-O {[%emt 0:01:41]} Bb7 {[%emt 0:01:03]} 9. h3 {[%emt 0:01:11]} d6 {[%emt 0:02:22]} 10. Re1 {[%emt 0:00:18]} Re8 {[%emt 0:00:46]} 11. Bg3 {[%emt 0:00:49]} Nbd7 {[%emt 0:02:02]} 12. a4 {[%emt 0:00:11]} a6 {[%emt 0:03:28]} 13. a5 {[%emt 0:00:07]} b5 {[%emt 0:01:35]} 14. c4 $11 {[%emt 0:00:16]} bxc4 {[%emt 0:15:22]} 15. Nxc4 {[%emt 0:00:13]} Nf8 {[%emt 0:00:11]} 16. Nb6 {[%emt 0:03:10]} Ra7 {[%emt 0:01:23]} 17. Nd2 {[%emt 0:01:32]} Ng6 {[%emt 0:20:59]} 18. Qa4 {[%emt 0:04:22]} Nh5 {[%emt 0:04:20]} 19. Bh2 {[%emt 0:02:49]} Nhf4 {[%emt 0:03:41]} 20. Bf1 {[%emt 0:05:32]} Bf8 {[%emt 0:02:42]} 21. Ra3 {[%emt 0:20:44]} Re7 {[%emt 0:06:30]} 22. Rc1 {[%emt 0:06:20]} f5 {[%emt 0:02:55]} 23. Bxf4 {[%emt 0:08:20]} Nxf4 {[%emt 0:00:12]} 24. g3 {[%emt 0:00:02]} Nd5 {[%emt 0:03:14]} 25. Nxd5 {[%emt 0:02:40]} Bxd5 {[%emt 0:00:16]} 26. Rac3 {[%emt 0:00:43]} Rf7 {[%emt 0:02:39]} 27. Bg2 {[%emt 0:01:17]} Bxg2 {[%emt 0:03:11]} 28. Kxg2 {[%emt 0:00:44]} f4 {[%emt 0:00:59]} 29. g4 {[%emt 0:02:58]} h5 {[%emt 0:04:35]} 30. Nf3 {[%emt 0:00:42]} Qf6 {[%emt 0:01:01]} 31. Qc2 {[%emt 0:02:57]} g6 {[%emt 0:06:55]} 32. Rc6 {[%emt 0:02:47]} hxg4 {[%emt 0:00:52]} 33. hxg4 {[%emt 0:00:02]} Rh7 {[%emt 0:00:51]} 34. Qe4 {[%emt 0:01:33]} g5 {[%emt 0:00:50]} 35. Re1 {[%emt 0:06:36]} Rhe7 {[%emt 0:00:43]} 36. Rxd6 {[%emt 0:03:15]} Rh7 37. Rc6 {[%emt 0:00:02]} Rae7 {[%emt 0:00:03]} 1-0